00708nam a2200241 a 4500001001300000003000900013005001700022008004100039020002400080082001800104100002100122245004300143260003000186300000900216500003500225505001000260650001200270700002100282902000800303942000700311952013300318999001500451nice12345678IN_TiNIC20260116013144.0050524s1990 hama grp 000 0 eng  a0860783 c240000a305.6297bROS aRosenthal, Franz aMuslim Intellectual and Social History aHampshirebVariorumc1990 a144p aincludes index and biblioraphy2 aIndex aMuslims1 aRosenthal, Franz bSRS cBK 001040708StackRoom-aHMIbHMId2012-06-21g2400.00l1o305.6297 ROSp016723r2018-09-05s2018-08-14v2400.00w2005-05-24yBK c9890d9890